00630cam a2200217 4500001001300000003000400013005001700017008004100034010001700075025002000092040001800112050001900130082001600149100001700165245004700182260002100229300003600250504007100286600003800357999001700395sa 68019359 DLC20260227112717.0760327s1967 ii a b 000 0beng  asa 68019359  aPL480:I-Sik-E-3 aDLCcDLCdDLC00aBQ994.I52bD6200a294.3/61aB0 aDodrup Chen.04aThe biography of Maha Pandita Vimalamitra. a[Gangtok,c1967] axii, 43 p.bcol. illus.c18 cm. a"The bibliography of works by Maha Pandita Vimalamitra": p. 28-36.00aVimalamitra,dactive 8th century. c88869d88869